| 000 | 01045cam a2200301 4500 | ||
|---|---|---|---|
| 001 | X126734 | ||
| 008 | 040707n2004 000 0 eng u | ||
| 035 | _a(Sirsi) u126734 | ||
| 245 | 4 | _aThe shock of the old: Burnett's Trustee v Grainger | |
| 260 | _c2004 | ||
| 490 |
_aScots Law Times _v(11) 2 April 2004, 65-71(7) |
||
| 520 | _aDiscusses "Burnett's Trustee v Grainger" (2004] UKHL 8, Abs67662) which provides a statutory interpretation of the Bankrupcy (Scotland) Act 1985 s31(1). | ||
| 650 | _aREAL RIGHTS ACT 1693 | ||
| 650 | _aSHARP V THOMSON | ||
| 650 | _aSCOTTISH LAW | ||
| 650 | _aBURNETT'S TRUSTEE V GRAINGER AND ANOTHER | ||
| 650 | _aEARL OF FIFE V DUFF | ||
| 650 | _aBUCHAN V FARQUHARSON | ||
| 650 | _aWYLIE V DUNCAN | ||
| 650 | _aHERITABLE REVERSIONARY CO LTD V MILLAR | ||
| 650 | _aTOD'S TRUSTEES V WILSON | ||
| 650 | _aBANKRUPTCY (SCOTLAND) ACT 1985 S31(1) | ||
| 650 | _aBANKRUPTCY | ||
| 650 | _aSEQUESTRATION | ||
| 650 | _aREGISTER OF SASINES | ||
| 690 | _aPROPERTY AND LAND LAW-CASE LAW | ||
| 942 | _n0 | ||
| 999 |
_c74452 _d74452 |
||